00940 2200313 4500001002100000005001500021035002000036007000300056008004100059020002200100082001200122084001400134100002500148245009200173250003200265300003000297650001600327700004300343504003400386264003200420336002100452337003000473338002300503040002200526090002200548850001200570999002200582990002200604INLIS00000000087215420220824113308 a0010-0822000759ta220824s2022 yoi g ind d a978-623-02-4638-804223a131 a131 YAH w0 aYahya AdoePengarang10aWasiat jalan :bsaya harus bahagia /cYahya Ado; penyunting, Kurnia Henderika Alberthus aCetakan pertama, April 2022 axii, 145 halaman ;c19 cm 4aKebahagiaan0 aKurnia Henderika AlberthusePenyunting aBibliografi : halaman 141-14231aSleman :bDeepublish,c2022 2rdacontentateks 2rdamediaatanpa perantara 2rdacarrieravolume aYOPDYOGbinderda aCB-D.11 2022-0798 aYOPDYOG aCB-D.11/2022-0798 aCB-D.11/2022-0798